Report of the Taxation Enquiry Commission: 1953-54 (Record no. 503467)

000 -LEADER
fixed length control field 00347cam a22000977a 4500
008 - FIXED-LENGTH DATA ELEMENTS--GENERAL INFORMATION
fixed length control field 180718b xxu||||| |||| 00| 0 eng d
082 ## - DEWEY DECIMAL CLASSIFICATION NUMBER
Classification number L2x54 In2
245 ## - TITLE STATEMENT
Title Report of the Taxation Enquiry Commission: 1953-54
Statement of responsibility, etc. by Ministry of Finance, Department of Economic Affairs
260 ## - PUBLICATION, DISTRIBUTION, ETC.
Place of publication, distribution, etc. Delhi
Name of publisher, distributor, etc. Manager of Publications
Date of publication, distribution, etc.
500 ## - GENERAL NOTE
General note Library has Vol. II and III
Holdings
Withdrawn status Lost status Damaged status Not for loan Permanent Location Current Location Date acquired Full call number Barcode Date last seen Price effective from Koha item type
        Indian Institute of Public Administration Indian Institute of Public Administration 2018-08-04 L2x54 In2 GG31673 2018-08-04 2018-08-04 GG
        Indian Institute of Public Administration Indian Institute of Public Administration 2018-08-04 L2x54 In2 GG31672 2018-08-04 2018-08-04 GG
        Indian Institute of Public Administration Indian Institute of Public Administration 2018-08-04 L2x54 In2 GG31459 2018-08-04 2018-08-04 GG

Powered by Koha